|
|
|
|
| LEADER |
01482nam a2200397 i 4500 |
| 001 |
37979 |
| 003 |
BD-DhAAL |
| 005 |
20220310124919.0 |
| 008 |
220307t2017 ii b 001 0 eng d |
| 999 |
|
|
|c 43683
|d 43683
|
| 010 |
|
|
|a 2017325560
|
| 020 |
|
|
|a 9780670090112
|
| 020 |
|
|
|a 0670090115
|
| 025 |
|
|
|a I-E-2017325560; 56-92; 63-92
|
| 035 |
|
|
|a (OCoLC)on1002850255
|
| 035 |
|
|
|a (OCoLC)1002850255
|
| 037 |
|
|
|b Library of Congress -- New Delhi Overseas Office
|
| 040 |
|
|
|a DKAGE
|b eng
|e rda
|c DKAGE
|d DLC
|d BD-DhAAL
|
| 042 |
|
|
|a lccopycat
|a lcode
|
| 043 |
|
|
|a a-ii---
|
| 050 |
0 |
0 |
|a JC311
|b .B6585 2017
|
| 082 |
0 |
4 |
|a 954.035
|2 23
|
| 090 |
|
|
|a JC311
|b .B67 2017
|
| 100 |
1 |
|
|a Bose, Sugata,
|d 1956-
|e author.
|9 46497
|
| 245 |
1 |
4 |
|a The nation as mother and other visions of nationhood /
|c Sugata Bose.
|
| 260 |
|
|
|a Gurgaon, Haryana, India :
|b Penguin, Viking, an imprint of Penguin Random House,
|c 2017.
|
| 300 |
|
|
|a xv, 254 pages ;
|c 23 cm.
|
| 504 |
|
|
|a Includes bibliographical references (page 219-240) and index.
|
| 541 |
|
|
|a Donated by Akbar Ali Khan
|e 3010037978
|
| 650 |
|
0 |
|a Nationalism
|z India.
|9 46498
|
| 650 |
|
7 |
|a Nationalism.
|9 46499
|
| 651 |
|
0 |
|a India
|x History.
|9 46500
|
| 651 |
|
7 |
|a India.
|9 46501
|
| 852 |
|
|
|a Ayesha Abed Library
|c Akbar Ali Khan Collection
|
| 942 |
|
|
|2 ddc
|c BK
|
| 952 |
|
|
|0 0
|1 0
|2 ddc
|4 0
|6 954_035000000000000_BOS
|7 1
|9 70017
|a BRACUL
|b BRACUL
|c AAKC
|d 2022-03-07
|e Donated by Akhbor Ali Khan
|l 0
|o 954.035 BOS
|p 3010037978
|r 2022-03-07
|t 1
|w 2022-03-07
|y BK
|